• 首页
  • 本馆介绍
  • 公告通知
  • 最新文献
  • 馆藏检索
  • 电子资源
  • 读者荐购
  • 参考咨询
  • CALIS
  • 我的图书馆
  • 登录
  • 详细信息显示
  • 放入我的书架
  • 预约/预借图书
  • 作者相关作品
  • 分类相关作品
  • 丛书相关作品
  • 出版社相关作品

书目信息

  • 表格格式
  • 工作单格式
  • 卡片格式
题名:
人性的弱点全集
    
 
作者: 美 卡耐基 著
分册:  
出版信息: 南宁市   广西美术出版社  1998.11
页数: 441页
开本: 32开
丛书名:
单 册:
中图分类: C912.1
科图分类:
主题词: 社会结构 , 社会关系
电子资源:
ISBN: 7-80625-127-8
 
 
 
 
 
000 00579nam0 2200205 45
001 0010211583
005 20001021154958.2
010    @a7-80625-127-8@d22.80元
100    @a20001021d1998 km y0chiy0120 ea
101 0  @achi
105    @a z 000yy
200 1  @a人性的弱点全集@ARen Xing De Ruo Dian Quan Ji@f美 卡耐基著@FMei Ka Nai Ji Zhu
210    @a南宁市@c广西美术出版社@d1998.11
215    @a441页@d32开
606 0  @a社会结构
606 0  @a社会关系
690    @aC912.1@v3
701  0 @a美 卡耐基@4著
801    @aCN@bPftUser@c20001021
905    @b180387-388@dC912.1@eK351@f2
    
    人性的弱点全集/美 卡耐基著.-南宁市:广西美术出版社,1998.11
    441页;32开
    
    
    ISBN 7-80625-127-8:22.80元
    
●
相关链接 在E读中查询图书 在当当中查询图书 在豆瓣中查询图书


正题名:人性的弱点全集     索取号:C912.1/K351         预约/预借

序号 登录号 条形码 馆藏地/架位号 状态 备注
1 180387   201803879   社科库509/509社科库 56排9列5层/ [索取号:C912.1/K351] 在馆    
2 180388   201803888   社科库509/509社科库 56排9列5层/ [索取号:C912.1/K351] 在馆    
河南城建学院图书馆 欢迎您!
大连网信软件有限公司© 版权所有